Billboard Hot 100 (05/06/2023) with Total Spotify Streams - Statistics

General Stats
  • This quiz has been taken 5 times
  • The average score is 10 of 125
Answer Stats
Artist(s) Title Total Spotify Streams as of 5/2/2023 % Correct
Miley Cyrus Flowers 987.1M
80%
Taylor Swift Anti-Hero 798.5M
60%
Harry Styles As It Was 2.2B
60%
SZA Kill Bill 879.5M
60%
Rema / Selena Gomez Calm Down 680.1M
40%
Metro Boomin / The Weeknd / 21 Savage Creepin' 632.3M
40%
Taylor Swift Lavender Haze 394.4M
40%
Jimin Like Crazy 121.6M
40%
Sam Smith / Kim Petras Unholy 1.1B
40%
PinkPantheress / Ice Spice Boy's a liar Pt. 2 389.6M
20%
Post Malone Chemical 47.7M
20%
FIFTY FIFTY Cupid 163M
20%
David Kushner Daylight 82.9M
20%
The Weeknd / Ariana Grande Die For You 319.9M
20%
Eslabon Armado / Peso Pluma Ella Baila Sola 264.3M
20%
RAYE / 070 Shake Escapism. 418.9M
20%
Ed Sheeran Eyes Closed 77.9M
20%
Luke Combs Fast Car 43.4M
20%
Agust D Haegeum 35.4M
20%
Dean Lewis How Do I Say Goodbye 236.4M
20%
David Guetta / Bebe Rexha I'm Good 921.7M
20%
Taylor Swift Karma -
20%
Summer Walker Karma 83.2M
20%
Yng Lvcas / Peso Pluma La Bebe 194.3M
20%
Morgan Wallen Last Night 232.8M
20%
Old Dominion Memory Lane 28M
20%
Kali Uchis Moonlight 89.3M
20%
Jack Black Peaches 39.8M
20%
Coi Leray Players 235.4M
20%
Bailey Zimmerman Rock and A Hard Place 208.2M
20%
Tyler, The Creator / Kali Uchis See You Again 840.4M
20%
Zach Bryan Something in the Orange 364.4M
20%
Miguel Sure Thing 841.4M
20%
Kane Brown / Katelyn Brown Thank God 73.8M
20%
KAROL G / Shakira TQG 389.7M
20%
Chris Brown Under The Influence 816.2M
20%
Grupo Frontera / Bad Bunny un x100to 126.6M
20%
Dan + Shay You 41.9M
20%
Luke Combs 5 Leaf Clover 27.5M
0%
Morgan Wallen Ain't That Some 48.3M
0%
Taylor Swift All Of The Girls You Loved Before 100.1M
0%
Kim Petras / Nicki Minaj Alone 10.7M
0%
Natanael Cano / Peso Pluma / Gabito Ballesteros AMG 309.8M
0%
Fuerza Regida / Grupo Frontera Bebe Dame 256.8M
0%
ROSALÍA / Rauw Alejandro BESO 160.3M
0%
YoungBoy Never Broke Again Big Truck -
0%
Lady Gaga Bloody Mary 314.5M
0%
Keith Urban Brown Eyes Baby 27M
0%
Lizzy McAlpine ceilings 203.7M
0%
Becky G / Peso Pluma Chanel 45.6M
0%
Fuerza Regida / Natanael Cano Ch y la Pizza 185.8M
0%
Feid / Young Miko Classy 101 93.2M
0%
Morgan Wallen / ERNEST Cowgirls 34.9M
0%
Tyler Hubbard Dancin' In The Country 35.2M
0%
Zach Bryan / Maggie Rogers Dawns 44.2M
0%
Chino Pacas / Fuerza Regida Dijeron Que No La Iba Lograr 59.9M
0%
Grupo Marca Registrada / Grupo Frontera Di Que Si 82.4M
0%
The Weeknd / Future Double Fantasy 32.4M
0%
Junior H / Peso Pluma El Azul 151.8M
0%
Chino Pacas El Gordo Trae El Mando 148.6M
0%
Junior H / Peso Pluma / Gabito Ballesteros El Tsurito 32.1M
0%
Morgan Wallen Everything I Love 62.9M
0%
Hailey Whitters Everything She Ain't 65.4M
0%
Toosii Favorite Song 53.4M
0%
Rod Wave Fight The Feeling 15.5M
0%
Lil Baby / Fridayy Forever 50.3M
0%
Yahritza Y Su Esencia / Grupo Frontera Frágil 29.6M
0%
Parmalee Girl In Mine 19.1M
0%
Dierks Bentley Gold 27.3M
0%
Parker McCollum Handle On You 48.7M
0%
NF HAPPY 59.7M
0%
Bakar Hell N Back 263.4M
0%
Cody Johnson Human 52.9M
0%
Coco Jones ICU 16.9M
0%
Fuerza Regida / Peso Pluma Igualito a Mi Apá 77.5M
0%
Ice Spice In Ha Mood 87.9M
0%
Scotty McCreery It Matters To Her 25.4M
0%
Morgan Wallen I Wrote The Book -
0%
Lil Uzi Vert Just Wanna Rock 360M
0%
Peso Pluma / Blessd Las Morras 31.3M
0%
CHINCHILLA Little Girl Gone 5.6M
0%
Luke Combs Love You Anyway 56.4M
0%
Lil Baby Low Down 90.6M
0%
Morgan Wallen / Eric Church Man Made A Bar 35.8M
0%
Moneybagg Yo Motion God 3.1M
0%
YoungBoy Never Broke Again Mr Gaulden -
0%
Jelly Roll Need A Favor 15.9M
0%
Labrinth Never Felt So Alone 44.7M
0%
Jordan Davis Next Thing You Know 59.5M
0%
Sabrina Carpenter Nonsense 236.3M
0%
Morgan Wallen One Thing At A Time 101.4M
0%
Superstar Pride PAINTING PICTURES 90.9M
0%
Libianca People 208.1M
0%
Peso Pluma Por las Noches 186.4M
0%
Peso Pluma / Natanael Cano PRC 256.6M
0%
Ice Spice / Nicki Minaj Princess Diana 27.5M
0%
Carin Leon / Grupo Frontera Que Vuelvas 236M
0%
Nicki Minaj Red Ruby Da Sleeze 50.9M
0%
Bailey Zimmerman Religiously 11.9M
0%
Drake / 21 Savage Rich Flex 478.6M
0%
Lah Pat / Flo Milli Rodeo 7.2M
0%
Peso Pluma / Jasiel Nuñez Rosa Pastel 12.5M
0%
Drake Search & Rescue 70.6M
0%
Peso Pluma / Luis R Conriquez Siempre Pendientes 239.1M
0%
NLE Choppa SLUT ME OUT 114.7M
0%
SZA Snooze 268.9M
0%
Drake / 21 Savage Spin Bout U 146M
0%
Lil Yachty Strike 13.1M
0%
Morgan Wallen Sunrise -
0%
Metro Boomin / Future / Chris Brown Superhero 298.2M
0%
Megan Moroney Tennessee Orange 72.5M
0%
Morgan Wallen Thinkin' Bout Me 60.1M
0%
Morgan Wallen Thought You Should Know 161.5M
0%
Metro Boomin / Travis Scott / Young Thug Trance 158.4M
0%
Jonas Brothers Waffle House 14.9M
0%
HARDY / Lainey Wilson wait in the truck 62.6M
0%
Doechii / Kodak Black What It Is 6.3M
0%
Corey Kent Wild as Her 89M
0%
Lewis Capaldi Wish You The Best 21M
0%
Nate Smith Wreckage 16.5M
0%
Yandel / Feid Yandel 150 401.1M
0%
Brett Young You Didn't 32.9M
0%
BUBBLING UNDER: Justin Moore / Priscilla Block You, Me, And Whiskey 15.7M
0%
Morgan Wallen You Proof 284.5M
0%
Jon Pardi Your Heart Or Mine 27.3M
0%
No matching quizzes found
Score Distribution
Percent of People with Each Score
Percentile by Number Answered
Your Score History
You have not taken this quiz